000 00481nam a22001695i 4500
001 53214
003 ES-MaACL
005 20230906162727.0
007 t|
008 950911s1895 fr ||||1| fre d
040 _aCAM
_bspa
_cCAM
100 1 _aDunan, Charles.
_946020
245 1 0 _aThéorie psychologique de l'espace /
_cpar Charles Dunan.
260 _aParis :
_bFélix Alcan,
_c1895 (
_eEvreux :
_fHérissey)
300 _a[4], 167 p. ;
_c18 cm.
852 _aES-MaACL
_jF-12019
999 _c53214
_d53214